Library of the University of Algiers 3
Ibrahim Sultan Cheibout
شعار جامعة الجزائر 3
مكتبة جامعة الجزائر 3
إبراهيم سلطان شيبوط

جرائم الإعتداء على الأشخاص والأموال / (رقم التسجيلة. 42279)

تفاصيل مارك
000 -LEADER
fixed length control field 01422nam a2200217Ia 4500
003 - CONTROL NUMBER IDENTIFIER
control field Ost
005 - DATE AND TIME OF LATEST TRANSACTION
control field 20260507075021.0
008 - FIXED-LENGTH DATA ELEMENTS--GENERAL INFORMATION
fixed length control field 260507s9999||||xx |||||||||||||| ||und||
040 ## - CATALOGING SOURCE
Transcribing agency fsecg
041 ## - LANGUAGE CODE
Language code of text/sound track or separate title ara
082 ## - DEWEY DECIMAL CLASSIFICATION NUMBER
Classification number 364
100 ## - MAIN ENTRY--PERSONAL NAME
Personal name الشاذلي، فتوح عبد الله
Relator term مؤلف
245 #0 - TITLE STATEMENT
Title جرائم الإعتداء على الأشخاص والأموال /
Statement of responsibility, etc. فتوح عبد الله الشاذلي
260 ## - PUBLICATION, DISTRIBUTION, ETC.
Place of publication, distribution, etc. الاسكندرية:
Name of publisher, distributor, etc. دار المطبوعات الجامعية,
Date of publication, distribution, etc. 2002
300 ## - PHYSICAL DESCRIPTION
Extent 636 صفحة؛
Other physical details إيضاحات ؛
Dimensions 24 سم
520 ## - SUMMARY, ETC.
Summary, etc. جرائم الاعتداء على الأشخاص- جرائم الإعتداء على الحياة- القتل العمد- القتل غير العمد - إسقاط الحوامل-جرائم الإعتداء عمدا على سلامة الجسم- جرائم الإعتداء غير العمد على سلامة الجسم- جرائم الإعتداء على العرض- الإغتصاب- هتك العرض- الزنا-الفعل الفاضح- الجرائم الماسة بالشرف والإعتبار-القذف- السب- البلاغ الكاذب- إفشاء السر المهني-جرائم الإعتداء على الأموال- السرقة-النصب- الخيانة الأمانة
653 ## - INDEX TERM--UNCONTROLLED
Uncontrolled term الجرائم الجنسية
653 ## - INDEX TERM--UNCONTROLLED
Uncontrolled term جرائم الأموال
653 ## - INDEX TERM--UNCONTROLLED
Uncontrolled term جرائم السرقة
942 ## - ADDED ENTRY ELEMENTS (KOHA)
Koha item type كتب
المقتنيات
Withdrawn status Lost status Source of classification or shelving scheme Damaged status Not for loan Home library Current library Date acquired Serial enumeration / chronology Inventory number Total checkouts Full call number Barcode Date last seen Price effective from Koha item type
    Dewey Decimal Classification   NOT LOAN / إعارة داخلية مكتبة كلية العلوم الإقتصادية والعلوم التجارية وعلوم التسيير مكتبة كلية العلوم الإقتصادية والعلوم التجارية وعلوم التسيير 07/05/2026 الطابق الأرضي 123/1   أ/123ن1 123/1 07/05/2026 07/05/2026 كتب
    Dewey Decimal Classification   Available مكتبة كلية العلوم الإقتصادية والعلوم التجارية وعلوم التسيير مكتبة كلية العلوم الإقتصادية والعلوم التجارية وعلوم التسيير 07/05/2026 الطابق الأرضي 123/2   أ/123ن2 123/2 07/05/2026 07/05/2026 كتب
    Dewey Decimal Classification   Available مكتبة كلية العلوم الإقتصادية والعلوم التجارية وعلوم التسيير مكتبة كلية العلوم الإقتصادية والعلوم التجارية وعلوم التسيير 07/05/2026 الطابق الثاني 123/3   أ/123ن3 123/3 07/05/2026 07/05/2026 كتب

موارد الويب المفتوحة


© University of Algiers 3 All Rights Reserved
|
Implemented by LECHELAH Riad